000 01397nam a2200217Ia 4500
001 114165
003 DR-UNIBE
005 20251017112040.0
008 251016b2025 dr ||||| |||| 00| 0 spa d
040 _aBIBLIOTECA UNIBE
_cBIBLIOTECA UNIBE
_erda
041 _aspa
082 0 _aRD 342.0269 R426m
110 2 _aRepública Dominicana. Tribunal Superior Electoral (TSE)
_937172
245 1 0 _aMemoria gestión :
_c2021- 2025
260 4 _aSanto Domingo :
_bTribunal Superior Electoral (TSE),
_c2025
300 4 _a226 páginas :
_bilustraciones
505 _a1. Presentación | 2. Marco filosófico institucional | 3. Base legal | 4. Planificación estratégica y operativa | 5. Gestión jurisdiccional | 6. Relaciones internacionales | 7. Gestión de presidencia | 8. Despacho de jueces | 9. Secretaría general | 10. Capacitación en justicia electoral | 11. Fortalecimiento las normativas | 12. Actividades oficiales | 13. Visitas distinguidas | 14. Gestión del talento humano | 15. Sistema seguridad y salud ocupacional | 16. Igualdad y equidad de género | 17. Transparencia | 18. Publicaciones | 19. Avances tecnológicos | 20. Labor administrativa | 21. Finanzas del TSE | 22. Actividades internas |
650 7 _2lemb
_aTribunales
_vMemorias e informes
_zRepública Dominicana
_9200060
942 _cBK
_2ddc
951 _a20061022 10:18:00
999 _c114165
_d114165